000 00798nam a22002417a 4500
001 BD-DhSAU 640
001 640
003 BD-DhSAU
005 20150106200716.0
008 150105t1978 ii ad 001 0 eng d
040 _cBD-DhSAU
082 _222
_a581.2
_bSII
100 1 _aSingh, Rama Shankar.
245 _aIntroduction to principles of plant pathology /
_cRama Shankar Singh.
250 _a2nd ed.
260 _aNew Delhi :
_bOxford & IBH Pub. Co.,
_cc1975.
300 _avii, 390p. :
_bill. ;
_g21 cm.
504 _aIncludes bibliographical reference and index.
590 _amukta
650 7 _aPlant Pathelogy
650 7 _aPlant diseases
_zIndia.
856 _uhttps://www.worldcat.org/title/introduction-to-principles-of-plant-pathology/oclc/4859160&referer=brief_results
942 _2ddc
_cBOOK
999 _c640
_d640